000
00267nam a22001097a 4500
008
170119b xxu||||| |||| 00| 0 eng d
020
_a
1418064114
041
_a
eng
080
_2
6TH
_a
618.2
245
_a
ADMINISTRATIVE MEDICAL ASSISTING
_c
FORDNEY, M.T
942
_2
udc
_c
BK
999
_c
3186
_d
3186